00945 2200205 4500001002100000005001500021035002000036008004100056041000800097082001000105090001600115100002400131245003700155260003500192300003400227650001500261084001600276520043400292990001300726INLIS00000000000592220260509022111 a0010-0526000002260509 g 0 ger  aGer a919.5 a919.5 CHA n0 aKRIEGER, Maximilian1 aNeu-Guinea /cMaximilian Krieger aBerlin :bAlfred Schall,c1899 axii, 535 p. :bill. ;c24 cm. 4aNEW GUINEA a919.5 KRI n aNeu-Guinea adalah karya perjalanan dan deskripsi geografis-etnografis tentang Pulau Papua (Neu-Guinea) yang ditulis oleh Maximilian Krieger pada masa kolonial Jerman akhir abad ke-19. Buku ini membahas kondisi alam, penduduk asli, adat-istiadat, serta aktivitas eksplorasi dan kolonisasi Eropa di wilayah Papua. Karya ini penting sebagai sumber sejarah kolonial dan gambaran awal mengenai Papua dalam perspektif penjelajah Eropa. a107 F 34